|
|
|
|
| LEADER |
00000nam0a2200000 4500 |
| 001 |
306419 |
| 005 |
20231102001907.0 |
| 020 |
|
|
|a RU
|b 83-39274
|
| 035 |
|
|
|a (RuTPU)RU\TPU\book\331696
|
| 090 |
|
|
|a 306419
|
| 100 |
|
|
|a 20151007d1983 km y0rusy5003 ca
|
| 101 |
0 |
|
|a rus
|
| 102 |
|
|
|a RU
|
| 105 |
|
|
|a y z 001zy
|
| 200 |
1 |
|
|a Неметаллические материалы для борьбы с коррозией
|f Н. В. Хрусталев, А. С. Антропов, Л. А. Соколова
|
| 210 |
|
|
|a Челябинск
|c Южно-Уральское кн. изд-во
|d 1983
|
| 215 |
|
|
|a 197 с.
|
| 320 |
|
|
|a Библиогр.: с. 185-188
|
| 320 |
|
|
|a Предметный указатель: с. 189-191
|
| 606 |
1 |
|
|a Строительные материалы
|x Защита от коррозии
|2 stltpush
|3 (RuTPU)RU\TPU\subj\57456
|9 75316
|
| 610 |
1 |
|
|a неметаллические материалы
|
| 610 |
1 |
|
|a керамические материалы
|
| 610 |
1 |
|
|a шлакоситаллы
|
| 610 |
1 |
|
|a каменное литье
|
| 610 |
1 |
|
|a угольные материалы
|
| 610 |
1 |
|
|a кислотоупорные материалы
|
| 610 |
1 |
|
|a мастики
|
| 610 |
1 |
|
|a химически стойкие материалы
|
| 610 |
1 |
|
|a отвердители
|
| 610 |
1 |
|
|a пленочные материалы
|
| 610 |
1 |
|
|a полимерные материалы
|
| 610 |
1 |
|
|a клеи
|
| 610 |
1 |
|
|a армирующие материалы
|
| 675 |
|
|
|a 691:620.19
|z rus
|v 3
|
| 700 |
|
1 |
|a Хрусталев
|b Н. В.
|g Николай Васильевич
|4 070
|
| 701 |
|
1 |
|a Антропов
|b А. С.
|g Аркадий Сергеевич
|
| 701 |
|
1 |
|a Соколова
|b Л. А.
|g Лилия Алексеевна
|
| 801 |
|
0 |
|a RU
|b RuMRKP
|c 19950704
|g psbo
|
| 801 |
|
1 |
|a RU
|b 63413507
|c 20151007
|
| 801 |
|
2 |
|a RU
|b 63413507
|c 20180709
|g RCR
|
| 942 |
|
|
|c BK
|